De l'acte al pensament / Henri Wallon ; traducció d'Andreu Roca ; pròleg d'Ignasi Vila i Roser Boada
Descripción Física:
XL, 219 p. ; 20 cm
Colección:
Textos pedagògics ; 15
Materias:
Psicologia
MARC
| LEADER | 00000nam a2200000Ia 4500 | ||
|---|---|---|---|
| 001 | 8099 | ||
| 008 | 160829s1988 xx 000 0 cat d | ||
| 080 | |a F-1-24 | ||
| 100 | |a Wallon, Henri |9 27185 | ||
| 245 | |a De l'acte al pensament / Henri Wallon ; traducció d'Andreu Roca ; pròleg d'Ignasi Vila i Roser Boada | ||
| 260 | |a Vic : |b Eumo ; Barcelona : |b Diputació de Barcelona, |c 1988 | ||
| 300 | |a XL, 219 p. ; |c 20 cm | ||
| 490 | |a Textos pedagògics ; 15 | ||
| 650 | |a Psicologia |9 23225 | ||
| 700 | |a Roca, Andreu, tr. |9 22874 |e traductor | ||
| 700 | 1 | |a Vila, Ignasi, |d 1950- |e autor del pròleg |9 27281 | |
| 700 | 1 | |a Boada, Roser |e autora del pròleg |9 27187 | |
| 710 | 1 | |a Barcelona (Catalunya : Província). |b Diputació |9 52408 | |
| 901 | |a Arxiu | ||
| 942 | |n 1 |2 udc | ||
| 952 | |0 0 |1 0 |4 0 |6 F124 |7 1 |9 44302 |a Arxiu |b Arxiu |d 2016-12-01 |l 0 |o F-1-24 |p 8099 |r 2016-12-01 00:00:00 |w 2016-12-01 |y ARXIU | ||
| 999 | |c 46882 |d 46882 | ||